00901cam a2200265 a 450000100060000000300080000600500170001400800390003103500130007003500190008304000420010204100080014408200150015210000440016724500790021126000480029030000240033850000130036250400300037560000400040583000230044594200120046899900170048095201380049721324BD-RjUL20211209000655.0140304s1964 nyu b 000 0 eng a64-10062 a(BD-RjUL)21388 aDLCcWSUdOCLdSERdOCLdBD-RjULbeng aeng a827.5bDAJ1 aDavis, Herbert John,d1893-1967.96059010aJonathan Swift :bessays on his satire and other studies /cHerbert Davis. aNew York :bOxford University Press,c1964. avi, 292 p. ;c21 cm a"GB106." aBibliographical footnotes10aSwift, Jonathan,d1667-1745.965930 0aGalaxy book965931 2ddccBK c21324d21324 00102ddc40728FICaRUCLbRUCLcReadingd1968-04-09eZeitlingerg35.00l0o827.5 DAJ 1964r2014-03-04 00:00:00tC-2w2014-03-04yBK